| 000 | 00934nam a22002537a 4500 | ||
|---|---|---|---|
| 005 | 20240530110418.0 | ||
| 008 | 141120s2012 ua d g 000 0 ara d | ||
| 017 |
_a1557/2011 _bمصر . دار الكتب المصرية |
||
| 020 | _a9789773288295 | ||
| 040 | _aEG-CaGPL | ||
| 041 | 0 | _aara | |
| 082 | 0 | 4 |
_221 _a372.6\ _bب م |
| 100 | 0 | _aبدوى احمد محمد الطيب | |
| 245 | 1 | 2 |
_aالمهارات اللغوية للمعلم : _bتعلم ذاتى / _cبدوى احمد محمد الطيب |
| 250 | _aط 1 | ||
| 260 |
_aالاسكندرية : _bدار الجامعة الجديدة ، _c2012 |
||
| 300 |
_a187 ص ؛ _c24 سم |
||
| 650 | 0 | 4 |
_aالمدرسون _xمؤهلات |
| 650 | 0 | 4 |
_aالمدرسون _xمهارات لغوية |
| 650 | 0 | 4 |
_aاللغة العربية _xالصرف |
| 650 | 0 | 4 |
_aاللغة العربية _xطرق تدريس |
| 942 |
_2ddc _cBK |
||
| 999 |
_c60607 _d60607 |
||